| 000 | 00000cam 2200000zi 4500 |
| 001 | 9.959465 |
| 003 | CaOODSP |
| 005 | 20260513110220 |
| 006 | m o d f |
| 007 | cr mn||||||||| |
| 008 | 260130t20262026oncd ob f000 0 fre d |
| 020 | |a9780660981932 |
| 040 | |aCaOODSP|bfre|erda|cCaOODSP |
| 043 | |an-cn--- |
| 086 | 1 |aFA1-27/2026-1-4F-PDF |
| 110 | 1 |aCanada. |bBureau du vérificateur général, |eauteur, |eorganisme de publication. |
| 245 | 12|aL'accessibilité dans la fonction publique : |brapport de l'auditeur indépendant. |
| 264 | 1|a[Ottawa] : |bBureau du vérificateur général du Canada = Office of the Auditor General of Canada, |c2026. |
| 264 | 4|c©2026 |
| 300 | |a1 ressource en ligne (v, 47 pages) : |bgraphiques. |
| 336 | |atexte|btxt|2rdacontent/fre |
| 337 | |ainformatique|bc|2rdamedia/fre |
| 338 | |aressource en ligne|bcr|2rdacarrier/fre |
| 490 | 1 |aRapports de la vérificatrice générale du Canada au Parlement du Canada, |x2561-3456 |
| 500 | |aPublié aussi en anglais sous le titre : Accessibility in the public service : independent auditor's report. |
| 504 | |aComprend des références bibliographiques. |
| 520 | |a« Cet audit visait à déterminer si les sept organisations avaient favorisé un milieu de travail accessible pour les fonctionnaires en situation de handicap. Les travaux d’audit ont compris une analyse des efforts déployés par ces organisations pour accroître la représentation des membres du personnel en situation de handicap ainsi qu’un examen des aspects de la culture en milieu de travail tels qu’ils sont perçus par ces fonctionnaires » -- Objet de l’audit, page 3. |
| 610 | 26|aÉcole de la fonction publique du Canada|xAudit. |
| 610 | 16|aCanada. |bEmploi et développement social Canada|xAudit. |
| 610 | 26|aCommission de la Fonction publique du Canada|xAudit. |
| 610 | 16|aCanada. |bServices publics et approvisionnement Canada|xAudit. |
| 610 | 16|aCanada. |bServices partageĢs Canada|xAudit. |
| 610 | 16|aCanada. |bConseil du trésor|xAudit. |
| 610 | 26|aAgence du revenu du Canada|xAudit. |
| 650 | 6|aMilieu de travail|xAccessibilité aux personnes handicapées|zCanada|xÉvaluation. |
| 775 | 08|tAccessibility in the public service : |w(CaOODSP)9.959464 |
| 830 | #0|aRapports du vérificateur général du Canada au Parlement du Canada.|w(CaOODSP)9.846693 |
| 856 | 40|qPDF|s1.34 Mo|uhttps://publications.gc.ca/collections/collection_2026/bvg-oag/FA1-27-2026-1-4-fra.pdf|z[Rapport] |
| 856 | 4 |qHTML|sS.O.|uhttps://www.canada.ca/fr/verificateur-general/notre-travail/rapports-daudit/verificatrice-generale-202605-accessibilite-dans-fonction-publique.html|z[Sommaire] |